| 000 | 00790nam a2200229 u 4500 | ||
|---|---|---|---|
| 001 | 000531879 | ||
| 003 | AM-YeHGA | ||
| 005 | 20250617135311.0 | ||
| 008 | 070416s1974 ||||||||||||||||||||rus d | ||
| 040 | _aAM-YeHGA | ||
| 041 | 0 | _arus | |
| 100 | 1 | _aНиколаев, Олег Владимирович | |
| 245 | 1 | 0 |
_aГиперпаратиреоз / _cО.В. Николаев, В. Н. Таркаева . |
| 260 |
_aМосква : _bМедицина, _c1974. |
||
| 300 |
_a261 с. : _bил. |
||
| 650 | 1 | 4 | _aЭндокринология |
| 650 | 1 | 4 | _aГиперпаратиреоз |
| 650 | 1 | 4 | _aПаратиреоидные гормоны |
| 650 | 1 | 4 | _aОколощитовидные железы |
| 700 | 1 | _aТаркаева, Валерия Никитична | |
| 090 | _c199000 | ||
| 999 |
_c197521 _d197521 |
||